000 00411nam a2200181Ia 4500
005 20250603145313.0
008 250603s9999 xx 000 0 und d
020 _a9789789298839
050 _aHF 5657.4 .A34/
100 _aAdegoke, E. O.
245 0 _aManagement accounting
260 _aIlorin
260 _bGoshen Print Media
260 _c2012
300 _a248 p
650 _aIlorin
942 _cBK
999 _c41466
_d41466